[Event "1st League TCh-SCG w"]
[Site "Budva SCG"]
[Date "2003.09.05"]
[Round "7"]
[White "Vujic Katanic,B"]
[Black "Savic,Ma"]
[Result "1/2-1/2"]
[WhiteElo "2116"]
[BlackElo "2129"]

1.Nf3 d5 2.c4 e6 3.g3 Nf6 4.Bg2 c6 5.Qc2 Be7 6.O-O O-O 7.d4 Nbd7 8.b3 b6
9.Rd1 a5 10.Nc3 Ba6 11.Ne5 Nxe5 12.dxe5 Ng4 13.e4 Bc5 14.Rd2 d4 15.Na4 Bb4
16.Rd1 b5 17.a3 Be7 18.cxb5 cxb5 19.Nc5 Rc8 20.b4 Nxe5 21.Bb2 Bxc5 22.bxc5 Nc6
23.e5 Qc7 24.f4 Rfd8 25.Qe2 Qa7 26.Bxc6 d3 27.Qe3 Rxc6 28.Bd4 Qd7 29.Rxd3 Rxc5
30.Rad1 Rd5 31.R3d2 b4 32.axb4 axb4 33.Kf2 Qb5 34.g4 h6 35.Kg3 b3 36.f5 exf5
37.gxf5 Qb8 38.f6 gxf6  1/2-1/2

[Event "1st League TCh-SCG"]
[Site "Budva SCG"]
[Date "2003.09.06"]
[Round "8"]
[White "Savanovic,A"]
[Black "Pavlovic,Dej"]
[Result "1-0"]
[WhiteElo "2396"]
[BlackElo "2244"]

1.Nf3 d5 2.c4 c6 3.b3 Nf6 4.g3 Bg4 5.Bg2 e6 6.O-O Nbd7 7.Bb2 Be7 8.d3 O-O
9.Nbd2 a5 10.a3 Ne8 11.Qc2 Bf6 12.h3 Bh5 13.b4 Nd6 14.c5 Nb5 15.Nb3 Bxf3
16.Bxf3 a4 17.Nd2 b6 18.cxb6 Qxb6 19.Bxf6 Nxf6 20.e3 Rfc8 21.d4 Rc7 22.Be2 Nd7
23.Rfc1 Nd6 24.Bd3 f5 25.Kg2 Qb8 26.Nf3 Qe8 27.Qd1 Raa7 28.Ra2 Nb5 29.Qe2 Qb8
30.Ng5 Nf8 31.f4 h6 32.Nf3 Nd7 33.g4 g6 34.Kh1 Kh7 35.Qc2 Nd6 36.Qg2 Qd8
37.Rac2 Nb8 38.Ne5 Qe8 39.b5 Rab7 40.bxc6 Rb3 41.Rc3 Rb6 42.Qc2 Qe7 43.Rb1 Rxb1+
44.Qxb1 Qh4 45.Qxb8 Qxh3+ 46.Kg1 Qxe3+ 47.Kf1 Qxf4+ 48.Ke2 Qh2+ 49.Kd1 Qg1+
50.Kc2 Qf2+ 51.Kb1 Rg7 52.Qxd6 Qxd4 53.Rc2 Qg1+ 54.Ka2  1-0

[Event "ProMoPro Open"]
[Site "Prague CZE"]
[Date "2003.09.07"]
[Round "2"]
[White "Novak,Jin"]
[Black "Vedral,O"]
[Result "1-0"]
[WhiteElo "2020"]
[BlackElo "2212"]

1.Nf3 d5 2.c4 e6 3.g3 Nf6 4.Bg2 Be7 5.O-O O-O 6.b3 c5 7.cxd5 Nxd5 8.Bb2 Nc6
9.e4 Ndb4 10.d4 Nxd4 11.Nxd4 cxd4 12.e5 Bc5 13.Na3 Nc6 14.Qc2 Qe7 15.Nb5 Nxe5
16.Nxd4 Rb8 17.Rfe1 f6 18.Kh1 Bd7 19.f4 Bxd4 20.Bxd4 Nc6 21.Bc5 Qf7 22.Bxf8 Rxf8
23.Rad1 e5 24.fxe5 Nxe5 25.Qc7 Bc6 26.Qxf7+ Kxf7 27.Bxc6 bxc6 28.Rd4 Kg6
29.Rd6 Kg5 30.Kg2 h5 31.Re4 g6 32.Rf4 h4 33.Rxh4 Ng4 34.Rxc6 Re8 35.Rxg4+ Kxg4
36.Rxf6 Kg5 37.Ra6 Re2+ 38.Kf3 Re7 39.h4+ Kh5 40.g4+ Kxh4 41.Rxg6 Rf7+ 42.Ke3 Rd7
43.b4 Rf7 44.a3 Rd7 45.a4 Rd1 46.b5 Rd7 47.Ke4 Rd1 48.Ra6 Rd7 49.Kf5 Rf7+
50.Rf6 Rc7 51.Rh6+ Kg3 52.Rc6 Rf7+ 53.Kg6  1-0

[Event "TCh-CRO"]
[Site "Rabac CRO"]
[Date "2003.09.07"]
[Round "1"]
[White "Horvath,Cs1"]
[Black "Rogic,D"]
[Result "1-0"]
[WhiteElo "2513"]
[BlackElo "2461"]

1.Nf3 d5 2.c4 c6 3.e3 Nf6 4.Nc3 a6 5.d4 Bf5 6.cxd5 cxd5 7.Ne5 e6 8.g4 Bg6
9.h4 h6 10.Nxg6 fxg6 11.Bd3 Kf7 12.Qf3 Bb4 13.g5 hxg5 14.hxg5 Rxh1+ 15.Qxh1 Nfd7
16.Qf3+ Kg8 17.Bxg6 Qe7 18.Qh5 Nf8 19.Bd3 Nbd7 20.Bd2 Qe8 21.Qh3 Rc8 22.Ke2 Nb6
23.Rh1 Kf7 24.Nb5 Nc4 25.Qh5+  1-0

[Event "TCh-CHN"]
[Site "Tianjing CHN"]
[Date "2003.09.07"]
[Round "7"]
[White "Zhao Jun"]
[Black "Du Shan"]
[Result "1/2-1/2"]
[WhiteElo "2447"]
[BlackElo "2407"]

1.Nf3 d5 2.c4 e6 3.g3 f5 4.Bg2 Nf6 5.O-O Be7 6.b3 O-O 7.Bb2 c6 8.d3 a5 9.a3 Bd7
10.Nbd2 Be8 11.Qc2 Bh5 12.Rfe1 Na6 13.Bc3 b6 14.Qb2 c5 15.e3 Rc8 16.Ng5 Qd7
17.Ndf3 Nc7 18.b4 h6 19.Ne5 Qe8 20.Ngf3 Rb8 21.bxc5 bxc5 22.Qc2 a4 23.Reb1 Rxb1+
24.Rxb1 dxc4 25.Nxc4 Ncd5 26.Ba1 Qa8 27.Nfe5 Rb8 28.e4 Rxb1+ 29.Qxb1 fxe4
30.dxe4 Nc7 31.Qb6 Qd8 32.Nc6 Qd1+ 33.Bf1 Bd6 34.Bxf6 gxf6 35.Qb8+ Ne8 36.Qc8 Bf8
37.Ne3 Qd6 38.e5 fxe5 39.Nc4 Qd1 40.N4xe5 Qd6 41.Bc4 Nc7 42.Nd7 Ne8 43.Kg2 Bf7
44.Nce5 Kg7 45.h4 Be7 46.Nxf7 Kxf7 47.Nxc5 Nc7 48.Nd3 Qc6+ 49.Kg1 Qd6 50.Qh8 Bf6
51.Qh7+ Bg7 52.Nf4 Qxa3 53.Bxe6+ Nxe6 54.Qg6+ Kg8 55.Qxe6+ Kh7 56.Qe4+ Kg8
57.Qe8+ Kh7 58.Qg6+ Kg8 59.Qe6+ Kh7 60.Qf5+ Kg8 61.Qc8+ Kh7 62.Qc2+ Kg8 63.Kg2 Qa1
64.Qc8+ Kh7 65.Qf5+ Kg8 66.Qe6+ Kh7 67.Qf5+ Kg8 68.Qd5+ Kh7 69.g4 a3 70.Qe4+ Kg8
71.Qe6+ Kh7 72.Qf5+ Kg8 73.Qe6+ Kh7 74.Qg6+ Kg8 75.Qe8+ Kh7 76.Qe4+ Kg8 77.Qe6+ Kh7
78.g5 hxg5 79.hxg5 Qe5 80.Qh3+ Kg8 81.Qb3+ Kh7 82.Qc2+ Kg8 83.Qb3+ Kh7 84.Qb1+ Kg8
85.Qb3+ Kh7  1/2-1/2

[Event "TCh-CRO w"]
[Site "Rabac CRO"]
[Date "2003.09.08"]
[Round "2"]
[White "Pahor,A"]
[Black "Solic,K"]
[Result "0-1"]
[WhiteElo "2076"]
[BlackElo "2133"]

1.Nf3 d5 2.c4 d4 3.b4 c6 4.Bb2 e5 5.Nxe5 Bxb4 6.Qb3 Bc5 7.g3 Nf6 8.Bg2 O-O
9.O-O Re8 10.Nd3 Na6 11.Re1 Ne4 12.e3 Bf5 13.Nf4 Nb4 14.a3 Nxd2 15.Nxd2 Bc2
16.axb4 Bxb3 17.Nxb3 Bxb4 18.Red1 Qc7 19.Nxd4 Bd6 20.Nf5 Be5 21.Bd4 Bxd4
22.exd4 g6 23.Nh6+ Kg7 24.Ng4 Rad8 25.d5 Qb6 26.Rab1 Qa6 27.Ne3 Qa4 28.Ra1 Qb3
29.Rdb1 Qc3 30.Rxa7 Rxe3 31.Raxb7 Re1+ 32.Rxe1 Qxe1+ 33.Bf1 cxd5 34.cxd5 Ra8
35.Kg2 Ra1 36.Bd3 Qh1+ 37.Kh3 Qf3 38.Be2 Qxf2 39.d6 Rh1 40.d7 Qxh2+ 41.Kg4 h5+
42.Kf3 Rg1 43.d8=Q Rxg3+ 44.Ke4 Qh1+ 45.Kd4 Qxb7 46.Qd6 Qb2+ 47.Ke4 f5+ 48.Kd5 Qd2+
49.Ke6 Re3+ 50.Kd7 Qxd6+ 51.Kxd6 Re4 52.Ne6+ Kf6  0-1

[Event "ProMoPro Open"]
[Site "Prague CZE"]
[Date "2003.09.09"]
[Round "4"]
[White "Novak,Jin"]
[Black "Dusek,M"]
[Result "1-0"]
[WhiteElo "2020"]
[BlackElo "2146"]

1.Nf3 d5 2.c4 d4 3.b4 c5 4.bxc5 Nc6 5.g3 e5 6.Ba3 g6 7.Bg2 Bg7 8.d3 Nge7
9.O-O O-O 10.Nbd2 f5 11.Rb1 Rb8 12.Rb5 h6 13.Qb3 g5 14.Ne1 Qe8 15.Nc2 Rf6
16.e3 dxe3 17.fxe3 Rf8 18.Bb2 Qd7 19.Bd5+ Kh7 20.d4 f4 21.Be4+ Kh8 22.d5 Nf5
23.Qd3 Nce7 24.Nf3 Nxg3 25.Nxe5 Qh3 26.Bg2 Nxf1 27.Bxh3 Bxh3 28.d6 f3 29.Qxf1 Bxf1
30.Kxf1 Nc6 31.Ng6+ Kg8 32.Bxg7 Kxg7 33.Nxf8 Kxf8 34.Nd4 Nxd4 35.exd4 Ke8
36.c6 b6 37.Re5+  1-0

[Event "TCh-CRO w"]
[Site "Rabac CRO"]
[Date "2003.09.09"]
[Round "3"]
[White "Belamaric,T"]
[Black "Ascic,I"]
[Result "1/2-1/2"]
[WhiteElo "2123"]
[BlackElo "2035"]

1.Nf3 d5 2.c4 d4 3.b4 g6 4.Bb2 Bg7 5.d3 e5 6.Nbd2 Ne7 7.g3 O-O 8.Bg2 a5 9.a3 c5
10.bxc5 Na6 11.Ne4 f5 12.Nd6 Nxc5 13.Nxc8 Rxc8 14.O-O a4 15.Rb1 Nc6 16.Bc1 Na5
17.Ng5 h6 18.Bd5+ Kh8 19.Nf7+ Rxf7 20.Bxf7 Qf6 21.Bd5 Nab3 22.Bd2 b6 23.Bb4 Bf8
24.e3 Bd6 25.exd4 exd4 26.Bxc5 Bxc5 27.Re1 Kh7 28.Re6 Qf8 29.Qe2 Bd6 30.Re1 Nc5
31.Qf3 Nxe6 32.Rxe6 Re8 33.Qe2 Re7 34.Bc6 Bxa3 35.Bxa4 Bc5 36.Bc6 Rxe6 37.Qxe6 Qe7  1/2-1/2

[Event "ch-ROM"]
[Site "Satu Mare ROM"]
[Date "2003.09.09"]
[Round "5.1"]
[White "Grunberg,M"]
[Black "Navrotescu,C"]
[Result "1/2-1/2"]
[WhiteElo "2406"]
[BlackElo "2397"]

1.Nf3 d5 2.c4 e6 3.g3 Nf6 4.Bg2 Be7 5.O-O O-O 6.d4 dxc4 7.Qc2 a6 8.Qxc4 b5
9.Qc2 Bb7 10.Bg5 Nbd7 11.Nbd2 c5 12.dxc5 Nxc5 13.Bxf6 gxf6 14.Ne1 f5 15.Bxb7 Nxb7
16.Nd3 Rc8 17.Qd1 Nc5 18.Nxc5 Rxc5 19.e4 fxe4 20.Nxe4 Qxd1 21.Raxd1 Rc2 22.Rd7 Re8
23.Rb1 f5 24.Nc3 Bf6 25.Nd1 Rd8 26.Rxd8+ Bxd8 27.Ne3 Rd2 28.Rd1 Rxd1+ 29.Nxd1 Kf7
30.Kf1 Kf6 31.Ke2 Ke5 32.Kd3 Bb6 33.f4+ Kd5  1/2-1/2

[Event "TCh-CRO w"]
[Site "Rabac CRO"]
[Date "2003.09.11"]
[Round "5"]
[White "Franciskovic,B"]
[Black "Svaljek,R"]
[Result "1-0"]
[WhiteElo "2034"]
[BlackElo "2080"]

1.Nf3 d5 2.c4 c6 3.g3 Bg4 4.Bg2 e6 5.b3 Nd7 6.Bb2 Ngf6 7.O-O Bd6 8.d3 O-O
9.Na3 Qe7 10.Nc2 Rfd8 11.Ne3 Bh5 12.Qc2 Ne8 13.Rfc1 Nef6 14.a3 Bxf3 15.Bxf3 a5
16.d4 Nf8 17.Ng4 Nxg4 18.Bxg4 Qg5 19.Bf3 Ng6 20.Bg2 Qe7 21.e4 dxe4 22.Bxe4 Rac8
23.Qc3 Ra8 24.c5 Bc7 25.Bxg6 hxg6 26.d5 Qf8 27.dxe6 fxe6 28.Re1 Rd5 29.Rxe6 Rad8
30.Rae1 Rd2 31.Re8  1-0

[Event "TCh-CRO w"]
[Site "Rabac CRO"]
[Date "2003.09.12"]
[Round "6"]
[White "Pahor,A"]
[Black "Misanovic,V"]
[Result "0-1"]
[WhiteElo "2076"]
[BlackElo "2342"]

1.Nf3 d5 2.c4 d4 3.b4 g6 4.Bb2 Bg7 5.e3 e5 6.exd4 exd4 7.Bd3 Ne7 8.O-O O-O
9.Na3 a5 10.b5 Nd7 11.Re1 Nc5 12.Bf1 Nf5 13.d3 Be6 14.Nc2 Na4 15.Rb1 Nxb2
16.Rxb2 Re8 17.Rb1 h5 18.Nd2 Nd6 19.Nb3 Nf5 20.Nc5 Bc8 21.Qf3 Rb8 22.Rxe8+ Qxe8
23.Re1 Qf8 24.Ne4 b6 25.Qe2 Bd7 26.Ng3 Nxg3 27.hxg3 Bf6 28.Qd2 Qc5 29.Be2 c6
30.bxc6 Bxc6 31.Qf4 Be5 32.Qg5 Bg7 33.Qf4 Be5 34.Qg5 Bc7 35.Qf6 Be5 36.Qg5 Bg7
37.Qf4 Rd8 38.Qc1 Bf6 39.Qf4 Kg7 40.Bf3 Ba4 41.Qc1 h4 42.gxh4 Bxh4 43.g3 Bf6
44.Kg2 Bc6 45.Qd1 Rh8 46.Rh1 Rxh1 47.Kxh1 b5 48.Kg1 bxc4 49.dxc4 Bxf3 50.Qxf3 Qxc4
51.Qe4 Qxa2 52.Kg2 Qe6 53.Qd3 a4 54.Na3 Qc6+ 55.Kf1 Qc3 56.Ke2 Be7 57.Qxc3 dxc3
58.Nc2 Bc5 59.f3 Bd6 60.g4 Kf6 61.Kd3 Kg5 62.Kxc3 Kf4 63.Ne1 Ke3  0-1

[Event "EYb16"]
[Site "Budva YUG"]
[Date "2003.09.13"]
[Round "1"]
[White "Glicenstein,A"]
[Black "Ravic,N"]
[Result "1-0"]
[WhiteElo "2309"]
[BlackElo "2086"]

1.Nf3 d5 2.c4 e6 3.b3 Nf6 4.g3 Be7 5.Bg2 O-O 6.O-O Nbd7 7.e3 b6 8.Qe2 Bb7
9.Rd1 c5 10.Bb2 Qc7 11.cxd5 exd5 12.d4 Rac8 13.Nc3 Rfd8 14.Rac1 Qb8 15.Ne5 Nxe5
16.dxe5 Ne4 17.e6 f5 18.Nxe4 dxe4 19.Qh5 Rf8 20.Rd7 Bf6 21.Bxf6 Rxf6 22.Qg5 Rg6
23.Qxf5 Rf8 24.e7 Re8 25.Rcd1 Rf6 26.Qh5 Bc6 27.Rd8 g6 28.Qg5 Rf5 29.Qxf5  1-0

[Event "EYg16"]
[Site "Budva YUG"]
[Date "2003.09.14"]
[Round "2"]
[White "Franciskovic,B"]
[Black "Khudaverdieva,A"]
[Result "1/2-1/2"]
[WhiteElo "2034"]
[BlackElo "2078"]

1.Nf3 d5 2.c4 e6 3.g3 Nf6 4.Bg2 Be7 5.O-O O-O 6.d4 c6 7.b3 b6 8.Bb2 Bb7 9.Nbd2 Na6
10.Rc1 c5 11.cxd5 exd5 12.Qc2 Re8 13.Qb1 Bf8 14.Ne5 Nc7 15.e3 a5 16.a4 Na6
17.Rfd1 Qe7 18.Qa1 Red8 19.Nb1 Ne8 20.Ba3 Rac8 21.Bh3 Rc7 22.Nc3 f6 23.Nd3 Bc8
24.Bg2 Bb7  1/2-1/2

[Event "FSGM September"]
[Site "Budapest HUN"]
[Date "2003.09.16"]
[Round "11"]
[White "Ovsejevitsch,S"]
[Black "Banusz,T"]
[Result "1-0"]
[WhiteElo "2497"]
[BlackElo "2322"]

1.Nf3 d5 2.c4 c6 3.d4 Nf6 4.Nc3 dxc4 5.a4 Bf5 6.Ne5 Nbd7 7.Nxc4 Qc7 8.g3 e5
9.dxe5 Nxe5 10.Bf4 Nfd7 11.Bg2 g5 12.Nxe5 gxf4 13.Nxd7 O-O-O 14.Qd4 Qxd7
15.Qxf4 Bd6 16.Qh6 Qe6 17.Qxe6+ Bxe6 18.Be4 Kb8 19.O-O-O h5 20.h4 Be7 21.Rxd8+ Bxd8
22.e3 Bg4 23.Bd3 Ba5 24.Re1 Rd8 25.Be2 Bxe2 26.Rxe2 Bxc3 27.bxc3 Rd5 28.Kc2 Kc7
29.e4 Re5 30.Re3 Kd6 31.Rd3+ Ke7 32.f3 Re6 33.c4 Re5 34.Kc3 b6 35.Rd2 Rc5
36.Kb4 f5 37.exf5 Rxf5 38.f4 Rc5 39.Re2+ Kf7 40.Re3 Ra5 41.Rc3 Rc5 42.Ra3 Ra5
43.Kc3 Ke6 44.Kd4 Kf6 45.Ra2 Ke6 46.Re2+ Kf6 47.Re8 Rxa4 48.Rh8 Ra3 49.Rh6+ Kf7
50.Rxc6 Rxg3 51.Ke5 Re3+ 52.Kf5 Re7 53.Kg5 Rb7 54.f5 a5 55.Rc8 Ra7 56.Rb8 a4
57.Rxb6 a3 58.Rb1 a2 59.Ra1 Ra4 60.c5 Ke7 61.c6 Kd6 62.f6 Ke6 63.c7 Rg4+
64.Kxh5 Rc4 65.Rxa2 Kxf6 66.Ra7 Kf5 67.Rb7 Rc5 68.Kh6 Kf6 69.h5 Rc4 70.Rb6+ Kf7
71.Rb7 Kf6 72.Rb6+ Kf7 73.Rg6 Kf8 74.Rg7  1-0

[Event "EYb16"]
[Site "Budva YUG"]
[Date "2003.09.16"]
[Round "4"]
[White "Glicenstein,A"]
[Black "Ryzhov,I"]
[Result "0-1"]
[WhiteElo "2309"]
[BlackElo "2240"]

1.Nf3 d5 2.c4 c6 3.e3 e6 4.Nc3 Nf6 5.Rg1 dxc4 6.Bxc4 b5 7.Be2 a6 8.g4 c5
9.g5 Nfd7 10.b3 Bb7 11.Bb2 Nc6 12.d3 Rc8 13.Rc1 Nb4 14.d4 Qa5 15.Kf1 Nxa2
16.Nxa2 Qxa2 17.Bc3 c4 18.bxc4 Bxf3 19.Bxf3 Ba3 20.Rc2 Qxc4+ 21.Be2 Qb3 22.Qd3 b4
23.Bxb4 Qb1+ 24.Be1 Qxc2 25.Qxa3 Qb1 26.Qa5 O-O 27.Kg2 Nb8  0-1

[Event "FSGM September"]
[Site "Budapest HUN"]
[Date "2003.09.18"]
[Round "13"]
[White "Ovsejevitsch,S"]
[Black "Bui Vinh"]
[Result "1/2-1/2"]
[WhiteElo "2497"]
[BlackElo "2469"]

1.Nf3 d5 2.c4 c6 3.d4 e6 4.e3 Nf6 5.Bd3 Nbd7 6.O-O Bd6 7.Nc3 O-O 8.e4 dxe4
9.Nxe4 Nxe4 10.Bxe4 h6 11.Bc2 c5 12.b3 Qc7 13.Bb2 Rd8 14.dxc5 Bxc5 15.Qe2 Nf8
16.Rad1 Rxd1 17.Rxd1 b6 18.Qe4 Bb7 19.Qg4 f5 20.Qg3 Qxg3 21.hxg3 Be7 22.Kf1  1/2-1/2

[Event "zt 2.5"]
[Site "Asuncion PAR"]
[Date "2003.09.19"]
[Round "6"]
[White "Labollita,M"]
[Black "Felgaer,R"]
[Result "0-1"]
[WhiteElo "2454"]
[BlackElo "2551"]

1.Nf3 d5 2.c4 d4 3.g3 Nc6 4.Bg2 e5 5.O-O Nf6 6.d3 a5 7.Na3 Bc5 8.Nc2 O-O
9.Rb1 h6 10.e4 dxe3 11.Bxe3 Qd6 12.d4 exd4 13.Ncxd4 Nxd4 14.Bxd4 Bf5 15.Rc1 Rad8
16.Bxc5 Qxc5 17.Qb3 Bd3 18.Rfd1 Ne4 19.Rd2 Nxd2 20.Nxd2 Rfe8 21.Bf3 Qg5 22.Qc3 Bg6
23.Bd5 c6 24.f4 Qf6  0-1

[Event "GRE-GEO Match m"]
[Site "Athens GRE"]
[Date "2003.09.19"]
[Round "2"]
[White "Halkias,S"]
[Black "Kacheishvili,G"]
[Result "1/2-1/2"]
[WhiteElo "2560"]
[BlackElo "2603"]

1.Nf3 d5 2.c4 e6 3.d4 Nf6 4.Nc3 c6 5.Bg5 h6 6.Bxf6 Qxf6 7.Qc2 Nd7 8.e4 dxc4
9.Bxc4 e5 10.O-O Bd6 11.d5 Nb6 12.dxc6 bxc6 13.Na4 O-O 14.Rfc1 Nxa4 15.Qxa4 Bd7
16.Qc2 Bc7 17.Ba6 Bb6 18.a4 Rfb8 19.Rab1 Qf4 20.b4 Bg4 21.Rb3 Rd8 22.g3 Qf6
23.Kg2 Rab8 24.Be2 Be6 25.Rd3 Rxd3 26.Qxd3 Bg4 27.Qa6 Qd6 28.a5  1/2-1/2

[Event "EYb16"]
[Site "Budva YUG"]
[Date "2003.09.19"]
[Round "6"]
[White "Glicenstein,A"]
[Black "Shelajev,O"]
[Result "1/2-1/2"]
[WhiteElo "2309"]
[BlackElo "2029"]

1.Nf3 d5 2.c4 c6 3.e3 Nf6 4.Qc2 g6 5.b3 Bg7 6.Bb2 O-O 7.d3 Re8 8.Nbd2 Bf5
9.Be2 Qd6 10.Be5 Qd8 11.e4 dxe4 12.dxe4 Nxe4 13.Nxe4 Bxe5 14.Nxe5 Qd4 15.Qc3 Qxe4
16.Rd1 Qxg2 17.Bf3 Qh3 18.Rg1 Na6 19.Rg3 Qh4 20.Qa5 Qf6 21.Kf1 Rac8 22.h4 Nc7
23.h5 b6 24.Qe1 Red8 25.Nxc6 Rxd1 26.Qxd1 Ne6 27.Qd2 Nc5 28.Nxa7 Re8 29.Nb5 e5
30.Nc7 Rd8 31.Nd5 Qh4 32.hxg6 hxg6 33.Qg5 Qxg5 34.Rxg5 Kf8 35.Ke1 Ra8 36.Nc3 Rd8
37.Bd5 Nd3+ 38.Ke2 Nb4 39.Be4 f6 40.Rg1 Nxa2 41.Nxa2 Bxe4 42.Nb4 Re8 43.f3 Bf5
44.Nd5 Re6 45.Ra1  1/2-1/2

[Event "EYb16"]
[Site "Budva YUG"]
[Date "2003.09.21"]
[Round "8"]
[White "Zickus,S"]
[Black "Vicol,D"]
[Result "1/2-1/2"]
[WhiteElo "2143"]
[BlackElo "2194"]

1.Nf3 d5 2.c4 c6 3.b3 Bg4 4.Bb2 Nf6 5.d3 e6 6.Nbd2 Nbd7 7.g3 Bd6 8.Bg2 O-O
9.O-O Re8 10.e4 e5 11.h3 Bxf3 12.Bxf3 d4 13.Bg2 Qc7 14.Nf3 a5 15.Nh4 g6 16.Bc1 Nc5
17.Bg5 Nfd7 18.Bh6 Bf8 19.Bc1 Be7 20.Nf3 b5 21.Ne1 bxc4 22.bxc4 Rab8 23.f4 exf4
24.gxf4 f6 25.h4 f5 26.h5 Nf6 27.hxg6 hxg6 28.e5 Ng4 29.Qf3 Rec8 30.Bh3 Nh6
31.Rf2 Bh4 32.Rg2 Kh7 33.Ba3 Be7 34.Rh2 Ne6 35.Bxe7 Qxe7 36.Bf1 Kg7 37.Be2 Ng4
38.Rh3 Rh8 39.Rxh8 Rxh8 40.Ng2 g5 41.Qxc6 gxf4 42.Bxg4 fxg4 43.Rb1 Nd8 44.Qe4 Qf7
45.Qxf4 Qh5 46.Qf6+ Kh7 47.Rf1 Re8 48.Rf5 Qh6 49.Qxh6+ Kxh6 50.Nf4 Kg7 51.Kg2 Nf7
52.e6 Nh6 53.Rd5 Kf6 54.Rxd4 Nf5 55.Re4 Nd6 56.Nd5+ Kf5 57.Re2 Rxe6 58.Rxe6 Kxe6
59.Kg3 Ke5 60.Kxg4 Kd4 61.Nf4 Nxc4 62.dxc4 Kxc4 63.Ne2 Kb4 64.Nc1 Ka3 65.Kf4 Kb2
66.Ke4 Kxc1 67.Kd4 Kb2 68.Kd3 a4 69.a3 Kb3 70.Kd2 Kxa3 71.Kc2 Ka2 72.Kc1 a3
73.Kc2 Ka1 74.Kc1 a2  1/2-1/2

[Event "EYb16"]
[Site "Budva YUG"]
[Date "2003.09.22"]
[Round "9"]
[White "Zickus,S"]
[Black "Teitelbaums,A"]
[Result "1/2-1/2"]
[WhiteElo "2143"]
[BlackElo "2171"]

1.Nf3 d5 2.c4 c6 3.g3 Nf6 4.b3 e6 5.Bg2 Bd6 6.Bb2 Nbd7 7.O-O O-O 8.d4 Ne4
9.Nbd2 f5 10.Ne5 Nxe5 11.dxe5 Bc5 12.e3 Qb6 13.Qc2 Bd7 14.Rac1 Rac8 15.Nf3 a5
16.Bd4 Qa7 17.Bxc5 Nxc5 18.Nd4 b5 19.Qe2 bxc4 20.bxc4 Rb8 21.Qc2 Rfc8 22.Rb1 Na6
23.Qd2 Nc5  1/2-1/2

[Event "EYg16"]
[Site "Budva YUG"]
[Date "2003.09.22"]
[Round "9"]
[White "Franciskovic,B"]
[Black "Pambalou,F"]
[Result "1/2-1/2"]
[WhiteElo "2034"]
[BlackElo "2046"]

1.Nf3 d5 2.c4 d4 3.b4 c5 4.bxc5 Nc6 5.d3 e5 6.g3 Bxc5 7.Bg2 Nge7 8.O-O O-O
9.Ba3 Bxa3 10.Nxa3 Bd7 11.Rb1 Rb8 12.Nc2 Qc7 13.e3 Qd6  1/2-1/2

[Event "CXIII ch-ARM"]
[Site "Yerevan ARM"]
[Date "2003.09.22"]
[Round "7"]
[White "Yegiazarian,A"]
[Black "Galstian,B"]
[Result "1-0"]
[WhiteElo "2524"]
[BlackElo "2271"]

1.Nf3 d5 2.c4 c6 3.e3 Nf6 4.Nc3 a6 5.d4 b5 6.b3 Bg4 7.Be2 e6 8.O-O Nbd7 9.Bb2 Qb6
10.Rc1 bxc4 11.Na4 Qa7 12.bxc4 Bxf3 13.Bxf3 Bd6 14.cxd5 cxd5 15.Rc6 Qb8 16.g3 O-O
17.Be2 a5 18.Qc2 Rc8 19.Rc1 Rxc6 20.Qxc6 h5 21.Bxh5 Nxh5 22.Qxd7 Nf6 23.Qc6 Ne4
24.Nb6 Ra6 25.Qc8+ Qxc8 26.Rxc8+ Kh7 27.Na4 Nd2 28.Bc3 Nb1 29.Kf1 Ra7 30.Rc6 Bb4
31.Ke2 Rb7 32.Bb2 g5 33.f3 Na3 34.e4 Be7 35.Bxa3 Bxa3 36.exd5 Rb4 37.Nc3 exd5
38.Kd3 Rb2 39.Rf6 Rxh2 40.Rxf7+ Kg6 41.Ra7 Rf2 42.Ra6+ Kf7 43.Ke3 Rg2 44.Nxd5 Rxa2
45.Ke4 Bb2 46.Nb4 Ra1 47.Nd3 Bc3 48.Rc6 Ra3 49.d5 Ba1 50.d6 Kf6 51.d7+ Ke7
52.Nc5  1-0

[Event "zt 2.5"]
[Site "Asuncion PAR"]
[Date "2003.09.23"]
[Round "9"]
[White "Labollita,M"]
[Black "Llorens,M"]
[Result "1-0"]
[WhiteElo "2454"]
[BlackElo "2374"]

1.Nf3 d5 2.c4 d4 3.b4 a5 4.b5 c5 5.bxc6 Nxc6 6.d3 e5 7.g3 Bb4+ 8.Nbd2 f5
9.Qc2 Nf6 10.a3 Bc3 11.Bb2 e4 12.dxe4 Bxb2 13.Qxb2 fxe4 14.Ng5 e3 15.fxe3 dxe3
16.Ndf3 h6 17.Nh3 g5 18.Bg2 g4 19.Rd1 Qe7 20.Nd4 Nxd4 21.Nf4 Qxa3 22.Qxd4 Qb4+
23.Kf1 O-O 24.Bd5+ Nxd5 25.Qxd5+ Kh7 26.Kg2 Qe7 27.Rhf1 Bf5 28.Kg1 Qe4 29.Qc5 Rac8
30.Qxa5 Qxc4 31.Rd5 Be4 32.Rd6 Rf5 33.Rd7+ Rf7 34.Rxf7+ Qxf7 35.Qb6 Qe7 36.Qxe3 Qc5
37.Kf2 Qxe3+ 38.Kxe3 Bf5 39.Kd4 b5 40.Nd5 Rc4+ 41.Ke5 Bc2 42.Rf4 Rxf4 43.Kxf4 h5
44.Kg5 Bg6 45.Kf6 Be4 46.Nb4 Kh6 47.Ke5 Bb1 48.e4 Kg5 49.Kd5 h4 50.e5 Bg6
51.Ke6 hxg3 52.hxg3 Be4 53.Kf7 Bg6+ 54.Kg7 Kf5 55.e6 Bh5 56.e7 Ke4 57.Kf8 Kd4
58.Nc6+ Kd5 59.Nd8  1-0

[Event "1st ch-Mediterranean"]
[Site "Beruit LIB"]
[Date "2003.09.29"]
[Round "4"]
[White "Hakki,I"]
[Black "Collas,D"]
[Result "0-1"]
[WhiteElo "2451"]
[BlackElo "2437"]

1.Nf3 d5 2.c4 d4 3.b4 Bg4 4.Ne5 Bf5 5.Qa4+ c6 6.g4 Bc8 7.b5 f6 8.bxc6 bxc6
9.Nd3 Bxg4 10.Bg2 e5 11.f4 Qc7 12.Na3 exf4 13.O-O g5 14.c5 Be7 15.Nc4 Bxe2
16.Nd6+ Kf8 17.Qxd4 Nd7 18.Ba3 Bxd3 19.Qxd3 Nxc5 20.Bxc5 Rd8 21.Rab1 Bxd6
22.Qa3 Ne7 23.Rfe1 Kf7 24.Qb3+ Kg7 25.Bxd6 Rxd6 26.Qb7 Rd7 27.Qa6 h5 28.Re6 Rb8
29.Rbe1 Ng6 30.Rxc6 Qd8 31.Ree6 Rxd2 32.Qxa7+ Kh6 33.Bf1 Rb1  0-1

[Event "ECC"]
[Site "Rethymnon GRE"]
[Date "2003.09.29"]
[Round "2"]
[White "Chuchelov,V"]
[Black "Rasmussen,K"]
[Result "1-0"]
[WhiteElo "2608"]
[BlackElo "2437"]

1.Nf3 d5 2.c4 c6 3.e3 Nf6 4.Nc3 a6 5.d4 b5 6.b3 Bf5 7.Bd3 e6 8.O-O Nbd7 9.Bxf5 exf5
10.Bb2 Bd6 11.Qc2 b4 12.Na4 g6 13.cxd5 cxd5 14.Qc6 Ke7 15.Ne5 Qc8 16.Rfc1 Qxc6
17.Nxc6+ Ke8 18.Rc2 Rg8 19.Rac1 g5 20.Nc5 a5 21.Nb7 Bc7 22.Ne5 Bb8 23.Rc8+ Ke7
24.Nc6+ Ke6 25.Nbd8+ Kd6 26.Nxf7+ Ke6 27.Rxg8 Nxg8 28.Nxg5+ Kf6 29.h4  1-0

[Event "ECC"]
[Site "Rethymnon GRE"]
[Date "2003.10.01"]
[Round "4"]
[White "Logothetis,S"]
[Black "Ulucan,T"]
[Result "1-0"]
[WhiteElo "2255"]
[BlackElo "2103"]

1.Nf3 d5 2.c4 c6 3.e3 Nf6 4.d4 e6 5.Bd3 dxc4 6.Bxc4 b5 7.Bd3 Be7 8.O-O Bb7
9.e4 O-O 10.Qc2 h6 11.Qe2 Re8 12.e5 Nh7 13.Qe4 Nf8 14.Bxb5 Qb6 15.Bc4 Qb4
16.Qd3 Rd8 17.a3 Qb6 18.Nc3 c5 19.d5 exd5 20.Nxd5 Bxd5 21.Bxd5 Nc6 22.Qc4 Rac8
23.Bxf7+ Kh8 24.Qg4 Nd7 25.Qh5 Nd4 26.Nxd4 cxd4 27.e6 Nf6 28.Qg6 Nh7 29.Bf4 Bf6
30.Rae1 Qb7 31.Qf5 Qe7 32.Bd2 Rc5 33.Qd3 Qb7 34.Bb4 Rg5 35.Qe4 Qc7 36.e7  1-0

[Event "2nd League TCh-SCG"]
[Site "Belgrade SCG"]
[Date "2003.10.02"]
[Round "6"]
[White "Katanic Vujic,P"]
[Black "Grbic,M"]
[Result "1/2-1/2"]
[WhiteElo "2308"]
[BlackElo "2293"]

1.Nf3 d5 2.c4 dxc4 3.Qa4+ Nd7 4.Qxc4 e5 5.g3 Bd6 6.Bg2 Ngf6 7.O-O O-O 8.d3 Re8
9.Nbd2 Nb6 10.Qc2 Be6 11.b3 Bd5 12.e4 Bc6 13.Bb2 Bb5 14.a4 Ba6 15.a5 Nbd7
16.Nc4 Bxc4 17.Qxc4 c5 18.Nd2 Qe7 19.Qb5 Rab8 20.Nc4 a6 21.Qa4  1/2-1/2

[Event "2nd League TCh-SCG"]
[Site "Belgrade SCG"]
[Date "2003.10.02"]
[Round "6"]
[White "Stevanovic,Vl"]
[Black "Jovanovic,Zo1"]
[Result "0-1"]
[WhiteElo "2358"]
[BlackElo "2290"]

1.Nf3 d5 2.c4 c6 3.b3 Nf6 4.Bb2 Bg4 5.Ne5 Bf5 6.cxd5 cxd5 7.e3 Nfd7 8.g4 Bxb1
9.Nxd7 Qxd7 10.Rxb1 Nc6 11.Bg2 e5 12.O-O Be7 13.f4 h5 14.gxh5 Bf6 15.fxe5 Bxe5
16.Qf3 Rd8 17.Bxe5 Nxe5 18.Qf5 f6 19.d4 Nc6 20.Qxd7+ Rxd7 21.Bf3 O-O 22.Kf2 Kh7
23.Ke2 f5 24.b4 Re7 25.Kd3 f4 26.e4 dxe4+ 27.Bxe4+ Kh6 28.b5 Nxd4 29.Kxd4 Rd8+
30.Bd5 Red7 31.Rxf4 Rxd5+ 32.Kc3 Rd3+ 33.Kb4 Kxh5 34.Rb3 R3d4+ 35.Rxd4 Rxd4+
36.Ka3 g5 37.Rh3+ Kg6 38.Rc3 Rd7 39.Kb3 g4 40.Rc8 Rh7 41.Rc2 Kg5 42.a4 b6
43.Rf2 Kh4 44.Rg2 Rf7 45.Ra2 Kh3 46.Re2 Rf3+ 47.Kb4 Rf4+ 48.Kb3 Rf3+ 49.Kb4 Rf4+
50.Kb3 Rf1 51.Re7 Kxh2 52.Rxa7 Rf3+ 53.Kc4 g3 54.Rh7+ Kg2  0-1

[Event "ECC"]
[Site "Rethymnon GRE"]
[Date "2003.10.03"]
[Round "6"]
[White "Pantsulaia,L"]
[Black "Timoscenko,G"]
[Result "1-0"]
[WhiteElo "2461"]
[BlackElo "2530"]

1.Nf3 d5 2.c4 c6 3.g3 Nf6 4.Bg2 dxc4 5.O-O Bf5 6.Na3 Qd5 7.b3 cxb3 8.d3 Bg6
9.Nc4 e6 10.Qxb3 b5 11.Nfe5 bxc4 12.Qb7 Qd8 13.Nxc6 Nxc6 14.Bxc6+ Nd7 15.Bxd7+ Qxd7
16.Qxa8+ Qd8 17.Qxd8+ Kxd8 18.dxc4 Bc5 19.Bb2 f6 20.Rfd1+ Kc7 21.Bd4 Ba3
22.f3 e5 23.Bc3 Bf7 24.Rd2 Bxc4 25.Bxe5+ fxe5 26.Rc2 Bc5+ 27.Kf1 Bxe2+ 28.Kxe2 Kd6
29.Rac1 Bb6 30.Rc8  1-0

[Event "7th Itau Cup"]
[Site "Sao Paulo BRA"]
[Date "2003.10.04"]
[Round "8"]
[White "Soppe,G"]
[Black "Santos,MVM"]
[Result "1/2-1/2"]
[WhiteElo "2467"]
[BlackElo "2275"]

1.Nf3 d5 2.c4 d4 3.g3 c5 4.Bg2 Nc6 5.d3 e5 6.O-O f6 7.a3 a5 8.e3 Bg4 9.h3 Be6
10.exd4 cxd4 11.Nbd2 Nh6 12.Ne4 Nf7 13.Rb1 Be7 14.h4 O-O 15.Bd2 a4 16.b4 axb3
17.Qxb3 Rxa3 18.Qxb7 Na5 19.Bxa5 Rxa5 20.Ra1 Rxa1 21.Rxa1 f5 22.Ned2 Bf6
23.Ne1 Qe7 24.Qb6 Rd8 25.Ra7 Rd7 26.Rxd7 Qxd7 27.Nb3 Bd8 28.Qb8 Qd6 29.Qb5 Bd7
30.Qb7 Be6 31.Qb5 Bd7 32.Qb7 Be6  1/2-1/2